000 01268nam0a2200337 4500
001 RU\NLR\bibl\674
005 20260406040834.0
010 _a5-7632-0304-6
021 _aRU
_b97-22153
_9915
035 _a(NLR Aleph) 000000610
090 _a838
_c838
100 _a19980415d1997 |||y0rusy50 ca
101 1 _arus
_ceng
102 _aRU
105 _a|||||||||||||
200 1 _aКороль-провидец
_eФантаст. роман
_fКрис Банч
_g[Пер. с англ. К. Савельева
_gХудож. В. Федоров]
210 _aМ.
_cАРМАДА
_d1997
215 _a475 с.
_cил.
_d21
225 1 _aГероич. фэнтези
300 _aЗагл. и авт. ориг.: The seer king / Chris Bunch
300 _aНа 474 с. авт.: Кристофер Банч
454 0 _12001#$aThe seer king$fChris Bunch
_tThe seer king
686 _aШ6(7США)67-445
700 1 _4070
_8rus
_7ca
_aБанч
_bК.
_f1943-2005
_gКрис
_3RU\NLR\auth\771352
_9111379
801 0 _aRU
_bNLR
_c19980415
_gPSBO
801 1 _aRU
_bNLR
_c19980415
830 _aНа обл.: один из авт. фантаст. циклов "Стэн", "Антеро"
852 _aNLR
_j97-3/5907
942 _cBOOK
980 _aNB